Comparative political analysis (Record no. 395287)

MARC details
000 -LEADER
fixed length control field 00524 a2200205 4500
005 - DATE & TIME
control field 20260214111252.0
008 - FIXED-LENGTH DATA ELEMENTS--GENERAL INFORMATION
fixed length control field 260212b |||||||| |||| 00| 0 eng d
020 ## - ISBN
International Standard Book Number 9789357056458
Price Rs. 640.00
040 ## - CATALOGING SOURCE
Original cataloging agency VIVEKANANDA LIBRARY
082 ## - DDC NUMBER
Classification number 320.3
Book Number S23C
100 ## - MAIN ENTRY--PERSONAL NAME
Personal name Sharma, Chetna
245 ## - TITLE STATEMENT
Title Comparative political analysis
260 ## - PUBLICATION, DISTRIBUTION, ETC. (IMPRINT)
Name of publisher, distributor, etc Pearson
Date of publication, distribution, etc 2024
Place of publication, distribution, etc Noida
300 ## - PHYSICAL DESCRIPTION
Pages xxi, 418
650 ## - Subject
Subject Political Science
650 ## - Subject
Subject Comparative Politics
650 ## - Subject
Subject Political Analysis
700 ## - Added Entry Personal Name
Added Entry Personal Name Pushpa Singh
942 ## - ADDED ENTRY ELEMENTS (KOHA)
Koha item type Books
Holdings
Withdrawn status Lost status Source of classification or shelving scheme Damaged status Not for loan Location (home branch) Sublocation or collection (holding branch) Shelving location Date acquired Koha issues (times borrowed) Koha full call number Accession No. Koha date last seen Koha item type
    Dewey Decimal Classification     VIVEKANANDA LIBRARY VIVEKANANDA LIBRARY Vivekananda Library 27/01/2026   320.3 S23C 444260 27/01/2026 Books
© Designed and Maintained by Vivekananda Library, MDU Rohtak